Mort subite : les douze apôtres de Jésus Christ - Statistiques

Statistiques générales
  • Ce quiz a été pris 3 242 fois
    3 229 depuis la dernière actualisation
  • Le résultat moyen est 3 sur 12
Answers on the Grid
Answers color-coded by a green-red scale on the quiz's grid according to % correct below.
Saint Pierre
Saint Paul
Saint Luc
Saint Jean
Saint Ambroise
Saint André
Saint Matthias
Saint Barthélémy
Saint Philippe
Saint Étienne
Judas Iscariote
Saint Simon de Cyrène
Saint Simon le Zélote
Saint Vincent
Saint Jude
Saint Marc
Saint Jacques le Mineur
Saint Jacques le Majeur
Saint Matthieu
Saint Timothée
Saint Thomas
Saint Barnabé
Saint Anselme
Saint Antoine
 
Statistiques - réponses
Réponse % Correct
Saint Pierre
78%
Saint Jean
33%
Saint Matthieu
23%
Saint Thomas
22%
Judas Iscariote
19%
Saint André
19%
Saint Barthélémy
18%
Saint Jacques le Mineur
15%
Saint Jacques le Majeur
14%
Saint Jude
14%
Saint Philippe
14%
Saint Simon le Zélote
14%
Aucun quiz correspondant
Distribution des résultats
% des personnes avec chaque résultat
Percentile par nombre de réponses
Votre historique - résultats
Vous n’avez pas pris ce quiz depuis la dernière actualisation